Normal view
MARC view
- Muhammad Waseem Tahir
Entry Personal Name
001 - CONTROL NUMBER
- control field: 84391
003 - CONTROL NUMBER IDENTIFIER
- control field: NUST
005 - DATE AND TIME OF LATEST TRANSACTION
- control field: 20211117140433.0
008 - FIXED-LENGTH DATA ELEMENTS
- fixed length control field: 211117|| aca||aabn | a|a d
040 ## - CATALOGING SOURCE
- Original cataloging agency: NUST
- Transcribing agency: NUST
100 ## - HEADING--PERSONAL NAME
- Personal name: Muhammad Waseem Tahir
670 ## - SOURCE DATA FOUND
- Source citation: Work cat.: (NUST): Muhammad Waseem Tahir, TH-SOF-1889-Medical Diagnosis based Bio-inspired Artificial Immune System, 2021.
